00898 a2200169 45000010006000000050017000060080041000230030015000640400040000790800031001192450016001500200018001662640034001843000019002185050469002371000022007065920320260407155846.0260407a1991 arg spa dAR-UNSa-BCEJYS aAR-UNSa-BCEJYSbspacAR-UNSa-BCEJYS a94:32xHistoria Política10aProyecto 95 a950-742-114-9 1aBuenos Aires :bPlanetac1991 a190 p.c23 cm. a1. El diagnóstico / La frustración y sus causas – 2. El método / La apertura intelectual – 3. La teoría / Un mundo en transición – 4. El objetivo / La Argentina, país desarrollado – 5. El requisito / Un acuerdo político de largo plazo – 6. Los instrumentos / El riesgo de desvirtuar la privatización – 7. Los ejemplos / La organización del futuro – 8. Las aplicaciones /Ideas no convencionales – 9. Las propuestas / Cómo se hace1 aTerragno, Rodolfo